संपादक कीरतराम / (Record no. 50332)

MARC details
000 -LEADER
fixed length control field 01312nam a22002897a 4500
005 - DATE AND TIME OF LATEST TRANSACTION
control field 20110201162643.0
008 - FIXED-LENGTH DATA ELEMENTS--GENERAL INFORMATION
fixed length control field 110127t xxu||||| |||| 00| 0 hin d
010 ## - LCCN (DPL NO)
LC control number HIN-91774
020 ## - INTERNATIONAL STANDARD BOOK NUMBER
Terms of availability 350.00
035 ## - SYSTEM CONTROL NUMBER
System control number HN-64120
037 ## - SOURCE OF ACQUISITION
Source of stock number/acquisition DBAD / PUB
040 ## - CATALOGING SOURCE
Original cataloging agency DPL
Language of cataloging HN
082 ## - DEWEY DECIMAL CLASSIFICATION NUMBER
Classification number
100 ## - MAIN ENTRY--PERSONAL NAME
9 (RLIN) 25632
Personal name बच्चन सिहं
245 ## - TITLE STATEMENT
Title संपादक कीरतराम /
Statement of responsibility, etc बच्चन सिहं
246 ## - VARYING FORM OF TITLE
Title proper/short title Sampadak keeratram
Remainder of title Bachchan singh
260 ## - PUBLICATION, DISTRIBUTION, ETC. (IMPRINT)
Place of publication, distribution, etc नई दिल्ली
Name of publisher, distributor, etc नेशनल पब्लिशिंग हाउस
Date of publication, distribution, etc 2008
270 ## - ADDRESS
Address 2/35 अंसारी रोड़ दरियागंज,
City नई दिल्ली
Postal code 10002
Fax number { 011 23254407}
Electronic mail address national-publishinghouse@airtelbroadband.in
300 ## - PHYSICAL DESCRIPTION
Extent 312पृ.
Dimensions 22सेमी (सजिल्द)
500 ## - GENERAL NOTE
General note समान ISBN 8121406374 शीर्षक साधो यह मुर्दों का गांव
650 ## - SUBJECT ADDED ENTRY--TOPICAL TERM
9 (RLIN) 657
Topical term or geographic name as entry element हिन्दी कथा साहित्य
Topical term following geographic name as entry element Essay
650 ## - SUBJECT ADDED ENTRY--TOPICAL TERM
9 (RLIN) 25656
Topical term or geographic name as entry element Hindi Novel
700 ## - ADDED ENTRY--PERSONAL NAME
9 (RLIN) 25634
700 ## - ADDED ENTRY--PERSONAL NAME
9 (RLIN) 25670
942 ## - ADDED ENTRY ELEMENTS (KOHA)
Source of classification or shelving scheme Dewey Decimal Classification
Item type Hindi Books
Classification part
Call number suffix बच्चन
Holdings
Withdrawn status Lost status Source of classification or shelving scheme Damaged status Not for loan Collection code Home library Current library Date acquired Source of acquisition Cost, normal purchase price Total Checkouts Full call number Barcode Date last seen Copy number Cost, replacement price Koha item type
    Dewey Decimal Classification   Not For Loan Fiction D.B.Act.Division D.B.Act.Division 04/02/2011 DBAD / PUB 350.00   उ बच्चन HN-64120 04/02/2011 1 350.00 Hindi Books

© Delhi Public Library
Hit Counter
free hit counter